000 00865nas a2200241 4500
001 BR8401779
003 BR-BrBNA
005 20231205085855.0
007 ta
008 230509b bl.|||p| |||| 00| 00por d
040 _aBR-BrBNA
_bpor
_cBiblioteca Nacional de Agricultura
041 _a(Pt)
072 _aL73
100 1 _aNazario, W.
245 1 _aPrevencao da cara inchada pelo uso de suplemento mineral adequado a certas epocas do ano [bovino]
246 1 _aPreventing the periodontal disease by the use of mineral supplements adegrate to certain periods of the year [bovine]
650 _aBOVINO
650 _aCARA INCHADA
650 _aSUPLEMENTO MINERAL
773 0 _tRevista Brasileira de Medicina Veterinaria (Brazil)
_xISSN 0100-2434
_g(Apr 1984), v. 6(2) p. 33-38
_wBR8401779
909 _a202311
_bLúcia
_c55
_dLúcia Elande
942 _2AGRIS
_n0
_cANA
999 _c114441
_d114441